| 000 | 00372pam a2200145a 44500 | ||
|---|---|---|---|
| 008 | 230405s xxu||||| |||| 00| 0 eng d | ||
| 041 | _aENG | ||
| 100 | _aGHOSH M N | ||
| 245 | _aFUNDAMENTAL OF EXPERIMENTAL PHARMACOLOGY | ||
| 250 | _a2 1984 | ||
| 260 |
_aCALCUTTA _bSCIENTIFIC BOOK AGENCYPUBLICATION CALCUTTA _c |
||
| 300 | _a230 | ||
| 650 | _aPHARMACOLOGY | ||
| 906 | _a323 | ||
| 999 |
_c265762 _d265762 |
||